| 000 | 00590nam a2200181 a 4500 | ||
|---|---|---|---|
| 005 | 20140310183312.0 | ||
| 008 | 051011s19uu xx 00 eng d | ||
| 020 | _a0471148423 | ||
| 050 |
_aHD 62.7 _b.Sch328 1996 |
||
| 100 | _aSchell, Jim. | ||
| 245 |
_aThe Entrepreneur Magazine small business answer book : _bSolutions to the 101 most common small business problems / _cJIm Schell. |
||
| 260 |
_aCanada : _bJohn Wiley & Sons, _cc1996. |
||
| 300 |
_axiv, 251 p. : _bill. ; _c24 cm. |
||
| 521 | _aBSBA | ||
| 650 |
_aSmall business _xManagement. |
||
| 942 |
_cBK _2lcc _kFOR |
||
| 999 |
_c21179 _d21179 |
||